000 00442ntaaa2200181 4500
003 01
005 20251027202030.0
008 0714s1973 ag 01
040 _aAR-BaBN
_bspa
_cAR-BaBN
_eaacr
_dRIC
082 _a249.0000 G665
100 _aGordon, S.D.
_95950
245 _aQuiet talks on prayer
250 _a1 ed.
260 _aNew York :
_bFleming H. Revell Company,
_c1904
300 _a234 p
650 _aoración
_91331
942 _cBK
999 _c15109
_d15109